Quizzes
Events
Quiz Creation
Community
Videos
Private Events
Remove Ads
Sign In
Join for FREE
Feedback
Dark Mode
Quiz Categories
Sports
Geography
Music
Movies
Television
Just For Fun
Miscellaneous
History
Literature
Language
Science
Gaming
Entertainment
Religion
Holiday
For Kids
Quiz Lab
Recent
Popular Today
Quiz Kudos Today
Editor Picks
Curator Picks
Quizzes by...
Day
Popularity
Type
Ratings
Length
Year
Community
Subscriptions
Recent Discussions
Orange Saloon
Badges
Playlists
Quests
Create
Leaderboards
Showdown
Live 5
Trivia Bingo
Activity
Puzzle Library
Sporcle Events
Private Events
Virtual Trivia
Globe League
Become a Host
Pub Owners
SporcleCon
Opinionation
Our Games
Videos
Blog
Mobile Apps
Partnerships
Remove Ads and Go Orange
Feedback
Literature
Harry Potter
A Song of Ice and Fire
The Hunger Games
Literary Character
Shakespeare
Book
Author
Novel
Poem
Young Adult
Children's Books
Play
Lord of the Rings
Literature
Harry Potter
A Song of Ice and Fire
The Hunger Games
Literary Character
Shakespeare
Book
Author
Novel
Poem
Young Adult
Children's Books
Play
Lord of the Rings
Random Quiz
Search Sporcle
×
Curator Pick
Curator Pick
Literature
A Song of Ice and Fire
Type in answers that appear in a list
Type in answers that appear in a list
Classic
Best Score? Go Orange.
A Song of Ice and Fire - First and Last POVs Stats
Can you name the characters with the last and first chapter in each book?
By
likesgeography
90s
10 Questions
1,535 Plays
1,535 Plays
1,535 Plays
Comments
Comments
Give Quiz Kudos
Give Quiz Kudos
-
- Ratings
hide this ad
More Info
Forced Order
Answers have to be entered in order
Answers have to be entered in order
Replay
Link that replays current quiz
Next Quiz
Link to next quiz in quiz playlist
You Got
0%
They Got
Avg Score
62%
Avg Friend Score
Upgrade to see
Score Distribution
Jump to the score distribution portion of the page
Score
0/10
Timer
01:30
0
Plays Today
% Correct
Bran
95.4%
Daenerys
91.3%
Arya
78.6%
Bran
65.8%
Jaime
60.7%
Sansa
57.7%
Daenerys
50.6%
Tyrion
44.8%
The Prophet
43.3%
Samwell
40.7%
Quiz Playlist
Details
Report
Send in Message
Add To Playlist
More Info:
Name the first and last POV character chapters in each book in A Song of Ice and Fire (excluding the prologues and epilogues).
Classic:
Type in answers that appear in a list
Forced Order:
Answers have to be entered in order
Quiz Source
Last Updated: Mar 8, 2017
Curator Pick in
A Song of Ice and Fire
Quiz Scoreboard
CHALLENGE
Sign Up to Join the Scoreboard
Show All
Scores
Hide
Comments
May contain spoilers
Recently Published
College Basketball Coaching Resumes
by pancakes188
Sports
9m
Billboard Blitz: Fleetwood Mac
by CooCooCachoo
Music
15s
Presidents Visiting Landmarks
by Hejman
History
7m
More to Explore
Quiz From the Vault
Featured Blog Post
Where Did the Easter Bunny Come From?
hide this ad
You Might Also Like...
Tags
A Song of Ice and Fire Quiz
asoiaf
Chapter
Character
first
Game of Thrones
George RR Martin
last
POV
POV Characters
Today's Top Quizzes in Literature
Browse Literature
hide this ad
Today's Top Quizzes in A Song of Ice and Fire
Browse A Song of Ice and Fire
Top Contributed Quizzes in Literature
1
Sneaky Slytherin Logic Puzzle
2
Get The Picture: Black or White Literature
3
5-to-1: Plays
4
A Court of Thorns and Roses (ACoTaR) Logic Puzzle
5
One Thing in Common: Literature
6
One Thing in Common: Literature II
7
One Thing in Common: Books
8
One Thing in Common: Literature 3
9
Harry Potter Neighbourly Logic Puzzle #5
10
Literary Siblings Odd One Out III
Explore More
Trending Topics
Anime
Harry Potter
Kpop
NBA
Marvel
Disney
Crossword
NFL
Pokémon
Puzzle
Soccer
Song
The Office
WWE
Country
hide this ad
More By:
likesgeography
Quiz
Plays
Rating
Category
Featured
Created
Unpopulous Neighbors
42,366
4.54
Geography
Apr 14, 2013
100 largest cities in China
13,123
4.79
Geography
Mar 29, 2012
Capitals of India (map)
8,338
3.95
Geography
Feb 21, 2014
Capitals of Brazil (map)
7,379
5.00
Geography
Feb 17, 2014
100 Largest EU Cities
4,444
4.28
Geography
Dec 22, 2013
Go to Creator's Profile
Score Distribution
Quiz Creator Spotlight
likesgeography
Follow
Send a Message
Quizzes Created
-
Created Quiz Play Count
-
More By This Creator
Popular Quizzes Today
1
Find the US States - No Outlines Minefield
2
Find the Countries of Europe - No Outlines Minefield
3
The Countries of the World
4
Find the US States
5
Risky Map Clicking: Biggest States A-Z
6
US States
7
Popular People in 1961
8
Movies - When Are They Set?
More Literature Quizzes
Words Go Longer: Sci-Fi Novels
Published
Trending Quizzes
Risky Map Clicking: Least Populous States A-Z
1-10 Letter G Words
1-10 Letter F Words
Risky Map Clicking: Next State Alphabetically
Click the Washington State Counties! (Map)
Recently Updated
Leaping Animals
pecheneg
Reality TV Shows (A-Z)
bhenderson79
Rickey Henderson's Hall of Fame Teammates
pecheneg
Champions League XIs: Arsenal
pecheneg
Quick Pick: Celebrities in WWE's Hall of Fame
aduchscher
A-Z Keypad Blitz II
pecheneg
Multiple Oscar Actors
pecheneg
Mystery Phrase Blitz: Oscar 'Best Actors'
pecheneg
F. Scott Fitzgerald Novels
LTH
Pick 3 Villains
ddd62291
Trending Topics
Harry Potter
Crossword
Marvel
Anime
NBA
Disney
Kpop
Puzzle
Country
Song
Pokémon
WWE
Soccer
The Office
NFL
Your Account Isn't Verified!
In order to create a playlist on Sporcle, you need to verify the email address you used during registration. Go to your
Sporcle Settings
to finish the process.
Report this User
Report this user for behavior that violates our
Community Guidelines
.
Details:
Send Report
Go to the Sporcle.com Mobile Site →
Comments